Environmental governance in Kenya : (Record no. 2750)
[ view plain ]
| 000 -LEADER | |
|---|---|
| fixed length control field | 00639cam a22001814a 4500 |
| 020 ## - INTERNATIONAL STANDARD BOOK NUMBER | |
| International Standard Book Number | 9789966255822 |
| 050 00 - LIBRARY OF CONGRESS CALL NUMBER | |
| Classification number | KSK1507 |
| Item number | .E578 2008 |
| 245 00 - TITLE STATEMENT | |
| Title | Environmental governance in Kenya : |
| Remainder of title | implementing the framework law / |
| Statement of responsibility, etc. | edited by, C.O. Okidi, P. Kameri-Mbote, Migai Akech. |
| 260 ## - PUBLICATION, DISTRIBUTION, ETC. (IMPRINT) | |
| Place of publication, distribution, etc. | Nairobi : |
| Name of publisher, distributor, etc. | East African Educational Publishers, |
| Date of publication, distribution, etc. | 2008. |
| 300 ## - PHYSICAL DESCRIPTION | |
| Extent | xxi, 554 p. : |
| 500 ## - GENERAL NOTE | |
| General note | Includes Index |
| 650 #0 - SUBJECT ADDED ENTRY--TOPICAL TERM | |
| Topical term following geographic name as entry element | Environmental governance in Kenya |
| 700 1# - ADDED ENTRY--PERSONAL NAME | |
| Personal name | Okidi, C. Odidi. |
| 700 1# - ADDED ENTRY--PERSONAL NAME | |
| Personal name | Kameri-Mbote, Patricia. |
| 700 1# - ADDED ENTRY--PERSONAL NAME | |
| Personal name | Akech, J. M. Migai. |
| 856 41 - ELECTRONIC LOCATION AND ACCESS | |
| Uniform Resource Identifier | <a href="http://www.loc.gov/catdir/toc/fy0903/2008345680.html">http://www.loc.gov/catdir/toc/fy0903/2008345680.html</a> |
| 942 ## - ADDED ENTRY ELEMENTS (KOHA) | |
| Koha item type | General circulation |
| Withdrawn status | Lost status | Source of classification or shelving scheme | Damaged status | Not for loan | Home library | Current library | Date acquired | Cost, normal purchase price | Total Checkouts | Full call number | Barcode | Date last seen | Cost, replacement price | Price effective from | Koha item type | Public note |
|---|---|---|---|---|---|---|---|---|---|---|---|---|---|---|---|---|
| Library of Congress Classification | Main Campus Library | Main Campus Library | 02/09/2014 | 7503.75 | KSK 1507 .O51 | 2016/012155 | 02/09/2014 | 8003.00 | 02/09/2014 | General circulation | BONNIE |